| 000 | 02793nam a2200301 a 4500 | ||
|---|---|---|---|
| 003 | OSt | ||
| 005 | 20251104130407.0 | ||
| 007 | cr ||||||a|c|a | ||
| 008 | 230612s2019 |||||||fom||| 001 0 spa d | ||
| 040 | _erda | ||
| 100 | 1 |
_9132596 _aLópez Hernández, Harley Yuleth |
|
| 245 | 1 | 0 |
_aImpacto del relleno de socavones con material contaminante al acuífero nororiente de Texcoco / _cPor Harley Yuleth López Hernández; director de tesis Omar Elmer Arana Muñóz. |
| 264 | 1 |
_aChapingo, México : _bEl autor, _c2019 |
|
| 300 |
_a1 recurso en línea (81 páginas): _bCuadros y figuras |
||
| 336 |
_2rdacontent _atexto _btxt |
||
| 337 |
_2rdamedia _acomputadora _bc |
||
| 338 |
_2rdacarrier _arecurso en línea _bcr |
||
| 502 |
_bMIAUIA _cIrrigación y Mecánica _d2019 _gMAE |
||
| 504 | _aIncluye referencias bibliográficas: páginas: 35-36, 42-43, 58-67. | ||
| 520 | _aUna de las principales fuentes que abastecen agua para el consumo humano con los acuíferos, los cuales son formaciones geológicas que permiten el almacenamiento de agua, sirven también como reserva y depósito; la disponibilidad del agua se ha convertido en una limitante para el desarrollo integral de la población, esto se debe a diversas causas como el aumento de la población y la contaminación a cuerpos de agua tanto superficiales como subterráneos El estudio del agua subterránea y el monitoreo de la calidad del agua es de suma importancia ya que permiten tomar medidas preventivas de posibles epidemias causadas por contaminación que generen riesgo a la salud del ser humano, o bien, medidas de remediación. En este estudio se muestrearon 11 pozos cercanos a las minas de arena donde se ha depositado el escombro proveniente del Ex – Lago de Texcoco, Estado de México, ubicados en las localidades de la parte nororiental del acuífero de Texcoco, se evaluó la calidad del agua potable para las comunidades aledañas a las minas de arena siguiendo las normas que rigen los diferentes parámetros que se consideraron para esta evaluación; se obtuvo el tiempo aproximado en que se mueve el flujo de agua dentro de la zona saturada, y con ello el tiempo en que se presentará un efecto negativo en las comunidades aledañas a las minas. Los análisis físico –químicos y bacteriológicos mostraron valores favorables respecto a la calidad actual del agua para uso y consumo humano. | ||
| 650 | 4 |
_92462 _aAgua subterránea _xContaminación |
|
| 650 | 4 |
_92446 _aAgua potable _xCalidad |
|
| 650 | 4 |
_92450 _aAgua potable _xNormas de calidad |
|
| 650 | 4 |
_9127327 _aAgua potable _zTexcoco, Méx. |
|
| 700 | 1 |
_96482 _aArana Muñoz, Omar Elmer _edirector. |
|
| 856 |
_uhttp://10.13.5.2/tesis/tm/Lopez_Hernandez_Harley_Yuleth.pdf _zDESCARGAR PDF |
||
| 942 |
_2Clasificación Universidad Autónoma Chapingo _cTD |
||
| 999 |
_c218948 _d218948 |
||